00297nam a2200121Ia 4500008004100000082001700041100001700058245003400075250000800109260003200117300000800149650001800157191201s2003 xx 000 0 und d a620.119bSEA aSEATON, Anne 3aAn Active Learning Dictionary a1st aN.DelhibLearners Pubc2003 a482 aGeneral Books